| 000 | 01634nam a2200373 i 4500 | ||
|---|---|---|---|
| 999 |
_c22674 _d22674 |
||
| 001 | C00601649 | ||
| 003 | OSt | ||
| 005 | 20230109110939.0 | ||
| 007 | ta | ||
| 008 | 211012s2020 pe a gr 000 p und | ||
| 020 | _a9786124732515 | ||
| 040 | _cBMC | ||
| 041 | _aspa | ||
| 082 | _a970.036/M18M8 | ||
| 100 |
_aMoreno Jeria, Rodrigo _948849 |
||
| 245 |
_aMagallanes y Elcano : la empresa de la primera circunnavegación del mundo / _cRodrigo Moreno Jeria |
||
| 250 | _aPrimera edición. | ||
| 264 | 3 | 1 |
_aLima : _bErnst & Young Asesores, _c2017. |
| 300 |
_a151 páginas : _bilustraciones en color ; _c21 cm. |
||
| 504 | _aBibliografía: p. 145-148. | ||
| 546 | _aTexto en lenguas indígenas y su traducción al español. | ||
| 650 |
_aMagallanes, Fernando de, _y1480-1521. _948850 |
||
| 650 |
_aViajes alrededor del mundo _ySiglo XVI. _948851 |
||
| 650 |
_aExploradores _zAmérica _948852 |
||
| 856 |
_uhttps://assets.ey.com/content/dam/ey-sites/ey-com/es_pe/topics/growth/ey-magallanes-y-elcano-vf2017.pdf _zLeer en digital |
||
| 942 |
_2ddc _cLIBROS |
||